La experiencia de la cooperativa de productos de palmito en las localidades de Guácimo, Pococí y Siquirres, en su inserción en el mercado global /

Tallennettuna:
Bibliografiset tiedot
Päätekijä: Rodríguez, Ana Marcela
Aineistotyyppi: Teksti
Aiheet:
Tagit: Lisää tagi
Ei tageja, Lisää ensimmäinen tagi!

MARC

LEADER 00000 a a2200000 04500
001 43454
003
040
100 |a Rodríguez, Ana Marcela  
245 |a La experiencia de la cooperativa de productos de palmito en las localidades de Guácimo, Pococí y Siquirres, en su inserción en el mercado global /  |c Ana Marcela Rodríguez  
650 |a AGRICOLAS  
650 |a ESTRUCTURA ORGANIZACIONAL  
650 |a PRODUCCION DE VEGETALES  
650 |a CONCIENTIZACION  
650 |a COMERCIO AGRICOLA  
650 |a ACCESO A MERCADOS  
650 |a DIVERSIFICACION DE LA PRODUCCION  
650 |a PRODUCTORES  
773 |g páginas 257-290  
999 |c 26500  |d 26500